| 000 | 00512nam a2200205Ia 4500 | ||
|---|---|---|---|
| 003 | OSt | ||
| 005 | 20140426080903.0 | ||
| 008 | 140130s9999 xx 000 0 und d | ||
| 020 | _a0439449316 | ||
| 050 |
_aPZ 7 _b.B7633Clwe 2003 |
||
| 100 | _aBridwell, Norman | ||
| 245 |
_cNorman Bridwell _aClifford's class trip / |
||
| 260 |
_bScholastic, _c2003. _aNew York : |
||
| 300 |
_a v. (unpaged) : _bcol. ill. ; _c23 cm. |
||
| 440 | _v1 | ||
| 521 | _aG1 | ||
| 526 | _c170 | ||
| 942 |
_cBK _2lcc |
||
| 999 |
_c39905 _d39905 |
||